000 00518ntaaa2200193 4500
003 01
005 20251027202013.0
008 0714s1973 ag 01
020 _a015569053
040 _aAR-BaBN
_bspa
_cAR-BaBN
_eaacr
_dRIC
082 _a261.2000 C43p
100 _aChianese, Robert L.
_918631
245 _aPeaceable Kingdoms: an anthology of utopian writings.
250 _a1 ed.
260 _aNY :
_bHarcourt Brace Javonovich,
_c1971
300 _a296 p. ;
_c21 cm.
650 _aReino de Dios
_9990
942 _cBK
999 _c14794
_d14794